000 00626nam a2200229Ia 4500
003 OSt
005 20220928141507.0
006 a|||||r|||| 00| 0
007 ta
008 220927b |||||||| |||| 00| 0 eng d
024 _a15541
037 _cTextual
040 _aSDCL
_cSDCL
_beng
041 _2eng
_aeng
082 _aD65,5:(G:55), N1
100 _aMartellucci S Ed.
_9500583
245 0 _aOptoelectronics for environmental science.
260 _c1991
700 _a Chester A N Ed.
_9500584
942 _hD65,5:(G:55), N1
_cTEXL
_2CC
999 _c817938
_d817938